000 00752nam a2200289Ia 4500
005 20260324114949.0
008 008 260324s9999 xx 000 0 eng d
020 _a9781003029731
037 _aEBOOK
040 _aCRL
040 _beng
040 _cCRL
041 _2eng
041 _aeng
084 _qCRL
100 _aEiman Fadul Bashir
_91152842
245 0 _aStrategies to Cope with Risks of Uncertain Water Supply in Spate Irrigation Systems
245 0 _bCase Study: Gash Agricultural Scheme in Sudan
260 _bTaylor and Francis
260 _c2020
365 _a
365 _b475
856 _uhttp://www.taylorfrancis.com/books/9781003029731
942 _cEBOOK
999 _c1743354
_d1743354